Home Print Resources E-Books E-Journals IIMT Lecture Series Library Membership Form Book Recommendation Form Campus Tour Take AdmissionAbout Us Contact Us

TEXT BOOK OF SOIL WATER CONSERVATION (Record no. 49246)

000 -LEADER
fixed length control field 00395nam a22001697a 4500
003 - CONTROL NUMBER IDENTIFIER
control field OSt
005 - DATE AND TIME OF LATEST TRANSACTION
control field 20240326103430.0
008 - FIXED-LENGTH DATA ELEMENTS--GENERAL INFORMATION
fixed length control field 191025b xxu||||| |||| 00| 0 eng d
020 ## - INTERNATIONAL STANDARD BOOK NUMBER
International Standard Book Number NA
040 ## - CATALOGING SOURCE
Transcribing agency IIMT UNIVERSITY
100 ## - MAIN ENTRY--PERSONAL NAME
Personal name SAINA G S
245 ## - TITLE STATEMENT
Title TEXT BOOK OF SOIL WATER CONSERVATION
250 ## - EDITION STATEMENT
Edition statement 1 ED
260 ## - PUBLICATION, DISTRIBUTION, ETC.
Place of publication, distribution, etc. MEERUT
Name of publisher, distributor, etc. RAMA PUB
Date of publication, distribution, etc. 23/10/2019
300 ## - PHYSICAL DESCRIPTION
Extent 304
942 ## - ADDED ENTRY ELEMENTS (KOHA)
Source of classification or shelving scheme
Koha item type Book Bank
Holdings
Withdrawn status Lost status Source of classification or shelving scheme Damaged status Not for loan Home library Current library Date acquired Source of acquisition Cost, normal purchase price Inventory number Total Checkouts Total Renewals Barcode Date last seen Date last checked out Uniform Resource Identifier Price effective from Koha item type
          IIMT University Central Library Meerut IIMT University Central Library Meerut 10/25/2019 RAMA PUB 200.00 19-20/894 3 1 01-B-129676 02/14/2023 12/20/2022 AGRICULTURE 10/25/2019 Book Bank
          IIMT University Central Library Meerut IIMT University Central Library Meerut 10/25/2019 RAMA PUB 200.00 19-20/894 3 2 01-B-129677 06/21/2024 03/01/2024 AGRICULTURE 10/25/2019 Book Bank
          IIMT University Central Library Meerut IIMT University Central Library Meerut 10/25/2019 RAMA PUB 200.00 19-20/894 1   01-B-129678 01/20/2020 11/04/2019 AGRICULTURE 10/25/2019 Book Bank
          IIMT University Central Library Meerut IIMT University Central Library Meerut 10/25/2019 RAMA PUB 200.00 19-20/894 1   01-B-129679 01/17/2020 11/21/2019 AGRICULTURE 10/25/2019 Book Bank
          IIMT University Central Library Meerut IIMT University Central Library Meerut 10/25/2019 RAMA PUB 200.00 19-20/894 1   01-B-129680 02/07/2023 11/26/2022 AGRICULTURE 10/25/2019 Book Bank
          IIMT University Central Library Meerut IIMT University Central Library Meerut 10/25/2019 RAMA PUB 200.00 19-20/894 1 1 01-B-129681 03/25/2021 11/30/2020 AGRICULTURE 10/25/2019 Book Bank
          IIMT University Central Library Meerut IIMT University Central Library Meerut 10/25/2019 RAMA PUB 200.00 19-20/894 2 1 01-B-129682 02/13/2023 11/08/2022 AGRICULTURE 10/25/2019 Book Bank
          IIMT University Central Library Meerut IIMT University Central Library Meerut 10/25/2019 RAMA PUB 200.00 19-20/894     01-B-129683 10/25/2019   AGRICULTURE 10/25/2019 Book Bank
          IIMT University Central Library Meerut IIMT University Central Library Meerut 10/25/2019 RAMA PUB 200.00 19-20/894 2   01-B-129684 03/25/2021 01/20/2021 AGRICULTURE 10/25/2019 Book Bank
          IIMT University Central Library Meerut IIMT University Central Library Meerut 10/25/2019 RAMA PUB 200.00 19-20/894 2 1 01-B-129685 03/26/2021 12/11/2020 AGRICULTURE 10/25/2019 Book Bank
IIMT, Central Library. All Rights Reserved IIMT,UNIVERSITY © 2023
Implemented and Customised by I CLOUDE EMS
You Are OPAC Visitor No
free web counter

Powered by Koha